Geograficzne rekordy Ziemi - Statystyki

Ogólne statystyki
  • Ten quiz został rozwiązany 46 razy
    15 od ostatniego zresetowania
  • Średni wynik to 11 z 20
Statystyki odpowiedzi
Rekord Odpowiedź Wskazówka % Poprawnych
Najludniejsze państwo Indie Liczba ludności:ok. 1 428 626 663
100%
Największe państwo Rosja Powierzchnia:17 098 242 km²
100%
Najmniejsze państwo Watykan Powierzchnia:0,44 km²
100%
Najmniej ludne państwo Watykan Liczba ludnościok. 825
100%
Najwyższy punkt na Ziemi Mount Everest Wysokość:8850 m n. p. m.
93%
Najdłuższa rzeka Amazonka Długość: ok. 7040 km
86%
Największa wyspa Grenlandia Powierzchnia:2 166 086 km²
86%
Najniższy (najgłębszy) punkt na Ziemi Rów Mariański (dno) Wysokość:10 994 m p. p. m.
71%
Najgłębsze jezioro Bajkał Maksymalna głębokość:ok. 1640 m
64%
Największe jezioro Morze Kaspijskie Powierzchnia:ok. 370 000 km²
57%
Państwo z największągęstością zaludnienia Monako Gęstość zaludnienia:ok. 19 381 os./km²
50%
Największa pustynia Antarktyda Powierzchnia:ok. 9 200 000 km²
43%
Najwyższy wodospad Salto Angel Wysokość:ok. 979 m
36%
Najgłębsza depresja Depresja Morza Martwego Wysokość:ok. 430 m p. p. m.
29%
Najgłębsza rzeka Kongo Maksymalna głębokość:ok. 220 - 250 m
29%
Państwo z najmniejszągęstością zaludnienia Mongolia Gęstość zaludnienia:ok. 1,7 os./km²
29%
Najbardziej suche miejsce Atakama (pustynia) Średnia suma opadów:ok. 0,01 mm
21%
Najbardziej mokre miejsce Mawsynram (Cherrapunji) Średnia roczna suma opadów:ok. 11 000 - 12 000 mm (11 - 12 m)
14%
Najdłuższa jaskinia Jaskinia Mamucia Łączna długość korytarzy:ok. 651 km
7%
Najgłebsza jaskinia Jaskinia Wieriowkina Głębokość:ok. 2204 m
7%
Nie znaleziono quizów pasujących do podanych kryteriów
Rozkład punktacji
Procent ludzi z każdym wynikiem
Percentyl według liczby udzielonych odpowiedzi
Twoja historia wyników
Nie rozwiązałeś tego quizu od ostatniego zresetowania